Higiene y seguridad industrial; precedida de nociones sobre la organización del cuerpo humano /
Guardado en:
| Autor Principal: | |
|---|---|
| Formato: | Libro |
| Publicado: |
Buenos Aires :
Cesarini,
1958
|
| Edición: | 11a. ed. |
| Materias: | |
| Etiquetas: |
Agregar Etiqueta
Sin Etiquetas, Sea el primero en etiquetar este registro!
|
| LEADER | 00938nam a22002055a 4500 | ||
|---|---|---|---|
| 001 | CEM.cems002048 | ||
| 005 | 20060215000000.0 | ||
| 008 | 130507s1958##################000#0#####d | ||
| 003 | CEMS | ||
| 082 | 0 | 4 | |a 613 |
| 100 | 1 | |a Dembo, Adolfo | |
| 245 | 1 | 0 | |a Higiene y seguridad industrial; precedida de nociones sobre la organización del cuerpo humano / |
| 250 | |a 11a. ed. | ||
| 260 | |a Buenos Aires : |b Cesarini, |c 1958 | ||
| 300 | |a 283 p. | ||
| 505 | 0 | |a La higiene.La medicina preventiva.-Los agentes pat¢genos microbianos. -Enfermedades trasmisibles de origen parasitario.-Las epidemias.-Las enfermedades sociales.-Enfermedades tel£ricas.-...-Higiene industrial. -Higiene escolar.-Puericultura.-La lactancia.-La infancia preescolar. -Higiene periescolar.-Ejercicios f¡sicos.-Primeros auxilios | |
| 653 | |a Educacion para la salud | ||
| 653 | |a Enfermedades | ||
| 653 | |a Higiene | ||
| 859 | |a CEMS |b BIB. CEMS - 11 de abril |h 613 |i D393a11 |p 6542.78 |t Ej.1 | ||
